Представление документа в формате RUSMARC

ПолеНазваниеЗначение
  Тип записи a
  Библиографический уровень a
001 Контрольный номер UONB/MAIN/cf48606e5cf941d2885adb8f17a17619
005 Дата корректировки 20260310154503.8
100 Данные общей обработки __
a Данные общей обработки 20260310 ||| 0rusy0189 ca
101 Язык документа 0_
a Язык текста rus
102 Страна публикации __
a Страна публикации RU
200 Заглавие и сведения об ответственности 1_
a Заглавие Великолепная восьмерка!
203 Вид содержания и тип средства __
a Вид содержания Текст
b Характеристика содержания визуальный
c Тип средства непосредственный
330 Аннотация __
a Аннотация Результаты районного конкурса педагогического мастерства "Учитель года-2026".
461 Уровень набора _0
1 2000
a Барышские вести
463 Уровень физической единицы _0
1 2000
a № 9 (12210) (27 февраля)
v С. 8
1 2101
d 2026
1 001UONB/MAIN/33692386bc444030ab3c21c4e6554655
610 Ключевые слова 0_
a Ключевые слова педагоги; конкурсы профессионального мастерства; Учитель года; районные конкурсы
686 Индексы других классификаций __
a Классификационный индекс 74
801 Источник записи _0
a Страна RU
b Организация Ульяновская ОНБ
c Дата составления 20260310
g Правила каталогизации RCR
801 Источник записи _1
a Страна RU
b Организация Ульяновская ОНБ
c Дата составления 20260310
g Правила каталогизации RCR
901 Тип документа __
t Тип документа f
w Контрольный № источника UONB/MAIN/33692386bc444030ab3c21c4e6554655
909 Создатель записи __
a Создатель записи Елягина
b Дата создания записи 20260310